000
00220 a2200097 4500
001
31567
100
_a
Jain, V K
245
_a
The Elements of Computer Science
260
_a
New Delhi
_b
CBS
_c
1996
090
_c
21422
_d
21422
942
_a
NUST-CAE
_c
M
_c
12695
999
_c
266640
_d
266640